Statistics for Pro scooter Brands

Click here to take the quiz!

General Stats

  • This quiz has been taken 51 times
  • The average score is 4 of 15

Answer Stats

HintAnswer% Correct
3.Envy
63%
4.Madd gear
52%
2.Lucky
41%
6.Tilt
37%
7.Proto
26%
14.Ethic
26%
15.ODI
26%
8.Hella Grip
22%
11.District
22%
10.Phoenix
19%
1.Aztec
11%
9.Fuzion
11%
12.Vokul
11%
5.Affinity
7%
13.Dominator
7%

Score Distribution

Percentile by Number Answered

Percent of People with Each Score

Your Score History

You have not taken this quiz